Villes de France les plus denses (hors Ile-de-France) - Statistiques

Statistiques générales
  • Ce quiz a été pris 27 fois
  • Le résultat moyen est 6 sur 15
Statistiques - réponses
hab/km2 Réponse % Correct
10 840 Lyon
96%
6 840 Lille
92%
5 454 Montpellier
68%
7 429 Roubaix
68%
6 502 Tourcoing
60%
11 273 Villeurbanne
60%
6 907 Nancy
56%
8 612 Grenoble
52%
5 503 Rouen
40%
10 067 Lannoy
8%
7 328 Mons-en-Barœul
8%
7 556 Annemasse
4%
7 673 La Madeleine
4%
5 654 Pointe-à-Pitre
0%
5 549 Talence
0%
Aucun quiz correspondant
Distribution des résultats
% des personnes avec chaque résultat
Percentile par nombre de réponses
Votre historique - résultats
Vous n’avez pas pris ce quiz